[Event "London Classic Open 2018"]
[Site "London ENG"]
[Date "2018.12.13"]
[Round "5.25"]
[White "Smith, Andrew Philip"]
[Black "Turner, Matthew J"]
[Result "0-1"]
[WhiteTitle "FM"]
[BlackTitle "GM"]
[WhiteElo "2157"]
[BlackElo "2533"]
[WhiteFideId "2500833"]
[BlackFideId "402893"]
[EventDate "2018.12.09"]

1. e4 e5 2. d4 exd4 3. Qxd4 Nc6 4. Qe3 Nf6 5. Nc3 Bb4 6. Bd2 O-O 7. O-O-O Re8 8.
Bc4 d6 9. Nf3 Be6 10. Bxe6 Rxe6 11. Ng5 Re8 12. f3 Ne5 13. Nh3 Nc4 14. Qd4 b5
15. Bg5 c5 16. Qd3 Qa5 17. Bxf6 gxf6 18. Nb1 Qxa2 19. Qb3 Qxb3 20. cxb3 Na5 21.
Rxd6 Nxb3+ 22. Kc2 Nd4+ 23. Kc1 f5 24. Nf2 Rad8 25. Rxd8 Rxd8 26. Rd1 fxe4 27.
Nxe4 f5 28. Nf2 c4 29. Nc3 Ba5 30. Nh3 b4 0-1

[Event "London Classic Open 2018"]
[Site "London ENG"]
[Date "2018.12.13"]
[Round "5.26"]
[White "Eggleston, David J"]
[Black "Woong, Zhi Wei William"]
[Result "0-1"]
[WhiteTitle "IM"]
[BlackTitle "CM"]
[WhiteElo "2397"]
[BlackElo "2146"]
[WhiteFideId "412120"]
[BlackFideId "5804906"]
[EventDate "2018.12.09"]

1. e4 c5 2. Nf3 e6 3. d4 cxd4 4. Nxd4 a6 5. Nc3 Qc7 6. Bd3 Nc6 7. Nxc6 dxc6 8.
Be3 e5 9. O-O Nf6 10. Na4 Be6 11. Nc5 Bxc5 12. Bxc5 b6 13. Be3 c5 14. c4 O-O 15.
Qe2 Bc8 16. Bd2 Bg4 17. Qe3 Rad8 18. Bc3 Nh5 19. Rfe1 Nf4 20. Bf1 f6 21. b4 Rd7
22. h3 Bh5 23. a4 Rfd8 24. a5 Rd3 25. Bxd3 Rxd3 26. Qc1 bxa5 27. bxc5 Qd7 28. c6
Qxc6 29. Ra2 Qxc4 30. Rc2 Ne2+ 31. Rexe2 Bxe2 32. Bd2 Qb3 33. Kh2 Rd8 34. Bxa5
Rd1 35. Rc8+ Kf7 36. Qc7+ Kg6 37. Rb8 Qc4 38. Qe7 Qxe4 39. Rb4 Bc4 40. Qe8+ Kh6
41. Bb6 Qf4+ 42. g3 Qf3 43. Be3+ g5 44. Bxg5+ Kxg5 45. h4+ Kh6 46. Qf8+ Kg6 47.
Qe8+ Bf7 0-1

[Event "London Classic Open 2018"]
[Site "London ENG"]
[Date "2018.12.13"]
[Round "5.28"]
[White "Bates, Richard A"]
[Black "Czopor, Maciej"]
[Result "1-0"]
[WhiteTitle "IM"]
[WhiteElo "2372"]
[BlackElo "2164"]
[WhiteFideId "403555"]
[BlackFideId "21805431"]
[EventDate "2018.12.09"]

1. d4 Nf6 2. Nf3 e6 3. c4 d5 4. g3 dxc4 5. Bg2 Nc6 6. O-O Rb8 7. e3 Be7 8. Qe2
b5 9. b3 O-O 10. a4 cxb3 11. axb5 Nb4 12. Ne5 Bb7 13. Nc6 Bxc6 14. bxc6 Nfd5 15.
Qc4 Qe8 16. Qxb3 Nxc6 17. Qc4 Rb4 18. Qc2 Qd7 19. Ba3 Rb6 20. Bxe7 Qxe7 21. Nc3
Ndb4 22. Qe2 Rfb8 23. Rfc1 Qd6 24. Qc4 Ne7 25. Rxa7 c6 26. Ne4 Qd8 27. h4 Nc8
28. Raa1 Nd6 29. Nxd6 Qxd6 30. Ra5 g6 31. Rc5 Rc8 32. Kh2 Na6 33. Ra5 Nb4 34.
Rc5 Na6 35. Ra5 Nb4 36. Rb1 Rcb8 37. Rc5 Nd5 38. Rxc6 Rxc6 39. Rxb8+ Qxb8 40.
Qxc6 Qb2 41. Bxd5 exd5 42. Kg2 Qb3 43. Qe8+ Kg7 44. Qe5+ Kg8 45. h5 gxh5 46.
Qg5+ Kf8 47. Qxh5 Kg7 48. Qg5+ Kf8 49. Qf6 Kg8 50. Kf3 Qb1 51. Kf4 Qe4+ 52. Kg5
Qh1 53. Qf4 Qb1 54. Qf5 Qa2 55. Qf6 Qb1 56. Kh6 Qg6+ 57. Qxg6+ hxg6 58. f3 Kf8
59. e4 dxe4 60. fxe4 Ke7 61. Kg5 Ke6 62. g4 Ke7 63. d5 1-0

[Event "London Classic Open 2018"]
[Site "London ENG"]
[Date "2018.12.13"]
[Round "5.30"]
[White "Taylor, Adam C"]
[Black "Johnson, Daniel"]
[Result "1-0"]
[WhiteTitle "FM"]
[WhiteElo "2331"]
[BlackElo "2111"]
[WhiteFideId "424668"]
[BlackFideId "1721283"]
[EventDate "2018.12.09"]

1. e4 c5 2. Nc3 e6 3. f4 a6 4. Nf3 d5 5. d3 dxe4 6. dxe4 Qxd1+ 7. Nxd1 b6 8. Nf2
Bb7 9. Bd3 Nf6 10. e5 Nfd7 11. Be3 Be7 12. Be4 Nc6 13. O-O-O O-O-O 14. h4 h6 15.
c3 b5 16. h5 Nb6 17. Nd3 Nd5 18. Bxc5 Nxf4 19. Bb6 Nxd3+ 20. Bxd3 Rd7 21. Be4
Rxd1+ 22. Rxd1 Bd8 23. Bxd8 Rxd8 24. Rf1 Rd7 25. Bxc6 Bxc6 26. Nd4 Kc7 27. Rf4
Bd5 28. Rg4 f5 29. exf6 gxf6 30. Rg6 Rh7 31. Rxf6 Kd7 32. Rg6 Ke7 33. b3 Rf7 34.
Rxh6 Rf1+ 35. Kb2 Rf2+ 36. Ka3 Rxg2 37. Rh7+ Kf6 38. Ra7 b4+ 39. Kxb4 Rxa2 40.
h6 Rh2 41. Rxa6 Rxh6 42. c4 Ke5 43. cxd5 Kxd4 44. dxe6 Rh8 45. e7 Kd5 46. Ka5
Kc5 47. b4+ Kc4 48. b5 Rb8 49. Re6 1-0

[Event "London Classic Open 2018"]
[Site "London ENG"]
[Date "2018.12.13"]
[Round "5.31"]
[White "Menzies, Colin"]
[Black "Paterek, Michal"]
[Result "1-0"]
[BlackTitle "FM"]
[WhiteElo "2132"]
[BlackElo "2328"]
[WhiteFideId "2502755"]
[BlackFideId "1116142"]
[EventDate "2018.12.09"]

1. Nf3 d5 2. c4 c6 3. e3 Nf6 4. Nc3 a6 5. b3 Bf5 6. Bb2 Nbd7 7. Nh4 Bg4 8. f3
Bh5 9. g4 g5 10. Ng2 Bg6 11. h4 gxh4 12. g5 Nh5 13. cxd5 Bg7 14. dxc6 bxc6 15.
Nxh4 Ng3 16. Nxg6 hxg6 17. Rxh8+ Bxh8 18. Kf2 Nxf1 19. Qxf1 Qa5 20. f4 Qf5 21.
Qh1 O-O-O 22. Qxc6+ Kb8 23. Nd5 Rf8 24. Bxh8 Rxh8 25. Qc7+ Ka8 26. Qxd7 Qc2 27.
Nb4 Qb2 28. Nc6 1-0

[Event "London Classic Open 2018"]
[Site "London ENG"]
[Date "2018.12.13"]
[Round "5.32"]
[White "Derakhshani, Borna"]
[Black "Lindholm, Jere"]
[Result "1-0"]
[WhiteTitle "FM"]
[WhiteElo "2325"]
[BlackElo "2130"]
[WhiteFideId "12518450"]
[BlackFideId "508012"]
[EventDate "2018.12.09"]

1. Nf3 Nf6 2. c4 c6 3. Nc3 d5 4. e3 Nbd7 5. d4 e6 6. Qc2 Bd6 7. Be2 O-O 8. O-O
Qe7 9. b3 b6 10. e4 dxe4 11. Ng5 e5 12. d5 cxd5 13. cxd5 Bb7 14. Bc4 Rac8 15.
Qe2 Bb4 16. Ngxe4 b5 17. d6 Qd8 18. Nxf6+ Nxf6 19. Nxb5 a6 20. Na3 Qxd6 21. Nc2
Qc6 22. Ne3 Bc5 23. Bb2 Bd4 24. Rac1 Qb6 25. Nf5 Kh8 26. Nxd4 exd4 27. Rfd1 Rcd8
28. f3 Rd7 29. Qf2 Rfd8 30. Rd3 a5 31. Rcd1 Ba6 32. Bxa6 Qxa6 33. Rxd4 a4 34.
Rxd7 Rxd7 35. Rxd7 Nxd7 36. Qd4 Qb6 37. Qxb6 Nxb6 38. bxa4 Nxa4 39. Bd4 1-0

[Event "London Classic Open 2018"]
[Site "London ENG"]
[Date "2018.12.13"]
[Round "5.33"]
[White "Sedykh, Mikhail"]
[Black "Lyell, Mark"]
[Result "0-1"]
[BlackTitle "FM"]
[WhiteElo "2118"]
[BlackElo "2317"]
[WhiteFideId "447498"]
[BlackFideId "402354"]
[EventDate "2018.12.09"]

1. e4 e6 2. d4 d5 3. e5 c5 4. c3 Nc6 5. Nf3 Qb6 6. a3 Nh6 7. b4 cxd4 8. cxd4 Nf5
9. Bb2 Bd7 10. g4 Nfe7 11. Nc3 Na5 12. Qc2 Nc4 13. Bxc4 dxc4 14. Ne4 Ng6 15.
Nfd2 c3 16. Qxc3 Qc6 17. Qxc6 Bxc6 18. f3 Nf4 19. Bc3 Rc8 20. Kf2 Be7 21. Ke3
Nd5+ 22. Kd3 O-O 23. Rac1 a5 24. Nb3 axb4 25. Bxb4 Bxb4 26. axb4 Nxb4+ 27. Kd2
Rfd8 28. Rhf1 Bd5 29. Rxc8 Rxc8 30. Rc1 Rd8 31. Rb1 h6 32. Nbc5 Bxe4 33. Nxe4
Rxd4+ 34. Kc3 Nc6 35. Rxb7 Ra4 36. Rb3 Nxe5 37. Nd2 g5 38. Kc2 Kg7 39. Re3 Ra2+
40. Kd1 Rxd2+ 41. Kxd2 Nc4+ 42. Kd3 Nxe3 43. Kxe3 Kf6 44. Kd4 Ke7 45. Ke5 f6+
46. Kd4 Kd6 47. Ke4 Kc5 48. Ke3 f5 49. h3 Kc4 50. f4 gxf4+ 51. Kxf4 fxg4 52.
Kxg4 e5 53. Kf3 Kd3 54. Kf2 e4 55. Ke1 Ke3 56. h4 h5 57. Kf1 Kd2 0-1

[Event "London Classic Open 2018"]
[Site "London ENG"]
[Date "2018.12.13"]
[Round "5.34"]
[White "Osborne, Marcus E"]
[Black "Abbas, Daniel"]
[Result "1/2-1/2"]
[BlackTitle "FM"]
[WhiteElo "2128"]
[BlackElo "2280"]
[WhiteFideId "404608"]
[BlackFideId "423831"]
[EventDate "2018.12.09"]

1. d4 Nf6 2. Bg5 Ne4 3. Bf4 d5 4. e3 c5 5. Bd3 Nf6 6. Nc3 a6 7. dxc5 Nc6 8. Nf3
e6 9. O-O Bxc5 10. e4 d4 11. Ne2 O-O 12. Ng3 Nb4 13. e5 Nxd3 14. Qxd3 Nd5 15.
Ng5 g6 16. Bd2 Be7 17. Nf3 b5 18. Bh6 Re8 19. Qxd4 Bb7 20. Qg4 Rc8 21. Ne4 Rxc2
22. b3 Nc3 23. Nxc3 Rxc3 24. Rfd1 Rd3 25. Ng5 Bf8 26. Bxf8 Rxf8 27. Rxd3 Qxd3
28. Rd1 Qc2 29. h4 h6 30. Nh3 h5 31. Qd4 Qxa2 32. b4 Qd5 33. Nf4 Qxd4 34. Rxd4
Rc8 35. Rd7 Rc4 36. Nh3 Bd5 37. Ng5 Rxh4 38. Nxf7 Rxb4 39. Ng5 a5 40. Rd8+ Kg7
41. Rd7+ Kg8 42. Rd8+ Kg7 1/2-1/2

[Event "London Classic Open 2018"]
[Site "London ENG"]
[Date "2018.12.13"]
[Round "5.35"]
[White "Marentini, Marcel"]
[Black "Ghukasyan, Siranush"]
[Result "1/2-1/2"]
[BlackTitle "WIM"]
[WhiteElo "2030"]
[BlackElo "2245"]
[WhiteFideId "1318730"]
[BlackFideId "13300946"]
[EventDate "2018.12.09"]

1. Nf3 d5 2. g3 c6 3. c4 Bg4 4. Bg2 e6 5. cxd5 Bxf3 6. Bxf3 cxd5 7. O-O Nf6 8.
d3 Be7 9. Qb3 Qd7 10. Nc3 Nc6 11. Bg2 O-O 12. Bf4 Nd4 13. Qd1 Rac8 14. e4 Nb5
15. exd5 Nxd5 16. Nxd5 exd5 17. Qh5 f5 18. Be5 1/2-1/2

[Event "London Classic Open 2018"]
[Site "London ENG"]
[Date "2018.12.13"]
[Round "5.36"]
[White "Richardson, John R"]
[Black "Sperling, Lennart"]
[Result "0-1"]
[WhiteTitle "FM"]
[WhiteElo "2242"]
[BlackElo "2116"]
[WhiteFideId "401617"]
[BlackFideId "12990132"]
[EventDate "2018.12.09"]

1. d4 Nf6 2. c4 e6 3. Nc3 Bb4 4. e3 O-O 5. Ne2 Re8 6. a3 Bf8 7. g3 d5 8. cxd5
exd5 9. Bg2 a5 10. O-O c6 11. Nf4 Bf5 12. f3 c5 13. g4 cxd4 14. exd4 Be6 15. g5
Nfd7 16. Ncxd5 Nc6 17. Ne3 Qxg5 18. d5 Qxf4 19. dxe6 Rxe6 20. Qxd7 Bc5 21. Kh1
Bxe3 22. Bxe3 Qxe3 23. Qxb7 Rb8 24. Qc7 Qe5 25. Qd7 Rd8 26. Qb7 Qf4 27. Rac1 Rh6
28. h3 Nd4 29. Rfe1 Rhd6 30. Rc8 Ne6 31. Rxd8+ Rxd8 32. Qe7 Qd2 33. Rg1 h6 34.
b4 axb4 35. Qxb4 Qf2 36. Rf1 Qg3 37. Qg4 Qc7 38. Re1 Rd4 39. Qf5 Qg3 40. Rg1 Rf4
41. Qd5 Ng5 42. Bf1 Qf2 43. Bd3 Qxf3+ 44. Qxf3 Rxf3 45. Rd1 Nxh3 46. Kg2 Rxd3 0-1

[Event "London Classic Open 2018"]
[Site "London ENG"]
[Date "2018.12.13"]
[Round "5.37"]
[White "Price, Gwilym"]
[Black "Roe, Simon J"]
[Result "1-0"]
[WhiteElo "2075"]
[BlackElo "2223"]
[WhiteFideId "443980"]
[BlackFideId "401471"]
[EventDate "2018.12.09"]

1. e4 e5 2. Nc3 Nf6 3. Bc4 Nc6 4. d3 Na5 5. Nge2 Bc5 6. O-O O-O 7. a4 Nxc4 8.
dxc4 d6 9. Qd3 Be6 10. b3 a6 11. Be3 Bxe3 12. Qxe3 Nd7 13. f4 exf4 14. Rxf4 Qg5
15. Nd4 Rae8 16. Qf2 Ne5 17. Rf1 Bd7 18. Nf5 Ng6 19. Rf3 Qd8 20. Rg3 Re5 21. Qf3
Bc6 22. h4 Rxf5 23. Qxf5 Nxh4 24. Qg5 Qxg5 25. Rxg5 f6 26. Rg3 Ng6 27. Nd5 Bxd5
28. cxd5 Re8 29. Re1 f5 30. Rge3 f4 31. Rc3 Re7 32. a5 Ne5 33. Rd1 g5 34. Rd4
Kg7 35. Rb4 c5 36. dxc6 Nxc6 37. Rxb7 Rxb7 38. Rxc6 Kf6 39. Rxd6+ Ke5 40. Rxa6
Rd7 41. Rc6 g4 42. Kf1 Rd1+ 43. Ke2 Rg1 44. Kf2 Rd1 45. a6 Rd2+ 46. Kf1 Kxe4 47.
Re6+ Kf5 48. a7 Rd1+ 49. Re1 Rd8 50. Ra1 Ra8 51. b4 Ke4 52. b5 Kd5 53. b6 Kc6
54. Rb1 Kb7 55. Ke2 Re8+ 56. Kd3 f3 57. gxf3 gxf3 58. c4 f2 59. c5 Re1 60. c6+ 1-0

[Event "London Classic Open 2018"]
[Site "London ENG"]
[Date "2018.12.13"]
[Round "5.38"]
[White "Edwards, Simon R"]
[Black "Marzano, Carlo"]
[Result "1-0"]
[WhiteElo "1931"]
[BlackElo "2222"]
[WhiteFideId "406821"]
[BlackFideId "802980"]
[EventDate "2018.12.09"]

1. d4 d5 2. c4 dxc4 3. e3 e5 4. Nf3 exd4 5. Bxc4 Bb4+ 6. Kf1 Qe7 7. Nxd4 c6 8.
a3 Bd6 9. b4 Nf6 10. Bb2 O-O 11. Qc2 Re8 12. Nd2 g6 13. h4 Bg4 14. Re1 Nbd7 15.
N2f3 Nb6 16. Bb3 Rac8 17. Ng5 Nbd5 18. Qb1 h6 19. e4 hxg5 20. hxg5 Nh5 21. exd5
Qxg5 22. dxc6 bxc6 23. Rxe8+ Rxe8 24. Qc1 Qe7 25. Bc3 c5 26. Nc6 Qe2+ 27. Kg1
cxb4 28. axb4 Bf4 29. Rxh5 Qe1+ 30. Qxe1 Rxe1+ 31. Bxe1 gxh5 32. Nxa7 Bd7 33.
Bd5 h4 34. b5 Bd6 35. Ba5 Bc5 36. Nc6 h3 37. gxh3 Bxh3 38. b6 Bd6 39. b7 Bf5 40.
b8=Q+ Bxb8 41. Nxb8 1-0

[Event "London Classic Open 2018"]
[Site "London ENG"]
[Date "2018.12.13"]
[Round "5.39"]
[White "Penna, Tommaso"]
[Black "Mihalik, Agoston"]
[Result "0-1"]
[WhiteElo "1963"]
[BlackElo "2220"]
[WhiteFideId "847836"]
[BlackFideId "719021"]
[EventDate "2018.12.09"]

1. e4 c5 2. Nf3 d6 3. Bb5+ Nd7 4. d4 cxd4 5. Qxd4 a6 6. Bxd7+ Bxd7 7. Nc3 e6 8.
Bg5 Qc7 9. O-O-O Rc8 10. Kb1 Qc5 11. Qxc5 Rxc5 12. Bf4 e5 13. Be3 Rc6 14. h3 g6
15. Rd3 f5 16. Rhd1 Be6 17. b3 Nf6 18. Ng5 Bc8 19. Nd5 Nxd5 20. exd5 Rc7 21. Bb6
Re7 22. Rc3 Bd7 23. a4 h6 24. Nf3 Kf7 25. Rc7 Be8 26. Rc8 Bg7 27. Bc7 Rd7 28. c4
g5 29. b4 g4 30. hxg4 fxg4 31. Nd2 Ke7 32. Ka2 Bg6 33. Rxh8 Bxh8 34. Bb6 Ke8 35.
Re1 Rf7 36. Ne4 Kd7 37. g3 h5 38. Ng5 Rf8 39. Kb3 Bf6 40. Ne4 Be7 41. a5 Rf3+
42. Kb2 h4 43. gxh4 Rf4 44. Ng5 Rxc4 45. Kb3 Rc8 46. Be3 Bf6 47. Rc1 Rxc1 48.
Bxc1 Ke7 49. Kc4 Bb1 50. Kb3 Bg6 51. Kc4 Be8 52. Kd3 Ba4 53. Ke4 Bc2+ 54. Ke3
Bxg5+ 55. hxg5 Kf7 56. Ba3 Ke7 57. Bc1 Bd1 58. Kd3 Bf3 59. Kc4 Kf7 60. Bd2 Kg6
61. Bc1 Kf5 62. Bd2 Be2+ 63. Kc3 Bb5 64. Be3 Ke4 65. g6 Be8 66. g7 Bf7 67. Bb6
Kxd5 68. Kd3 Ke6 69. Bd8 d5 70. Ke3 d4+ 71. Kd3 Kd5 72. Bf6 e4+ 73. Kd2 Kc4 74.
Be7 Bg8 75. Bd6 Bh7 76. Ke2 Kc3 77. Ke1 Bg8 78. Kd1 Bb3+ 79. Ke1 Kc2 80. Bc5 Kd3
81. Bd6 Kc3 82. Bc5 g3 83. fxg3 e3 84. g4 Kd3 85. Bd6 Ke4 86. b5 d3 87. Bb4 axb5
88. Bc3 Kf4 89. Bb4 Kxg4 90. Bc3 Kf5 91. Bb4 Kg6 92. Bc3 Kh7 0-1

[Event "London Classic Open 2018"]
[Site "London ENG"]
[Date "2018.12.13"]
[Round "5.40"]
[White "Thatte, Nishchal"]
[Black "Bukojemski, Adam"]
[Result "1/2-1/2"]
[WhiteElo "1649"]
[BlackElo "2218"]
[WhiteFideId "447234"]
[BlackFideId "1114620"]
[EventDate "2018.12.09"]

1. e4 Nf6 2. e5 Nd5 3. d4 d6 4. c4 Nb6 5. exd6 cxd6 6. Nc3 g6 7. h3 Bg7 8. Nf3
Nc6 9. Be2 O-O 10. O-O Bd7 11. b3 a5 12. Bb2 a4 13. Nb5 Bf5 14. Qd2 d5 15. c5
Nc8 16. Rfd1 h6 17. Ne5 N8a7 18. bxa4 Nxe5 19. dxe5 Nc6 20. Qxd5 Qxd5 21. Rxd5
Rxa4 22. a3 Be6 23. Rd2 Nxe5 24. Rc1 h5 25. Rcd1 Bb3 26. Rb1 Bc4 27. Bxe5 Bxe5
28. Bxc4 Rxc4 29. Rd7 Rc8 30. Rxe7 R8xc5 31. g3 h4 32. g4 b6 33. Rb7 Rc6 34. Na7
Rc1+ 35. Kg2 Rxb1 36. Nxc6 Bd6 37. a4 Ra1 38. Rxb6 Rxa4 39. Rb2 Rc4 40. Na5 Rc7
41. Kf3 Kg7 42. Ke4 Ba3 43. Rb3 Re7+ 44. Kf3 Bc5 1/2-1/2

[Event "London Classic Open 2018"]
[Site "London ENG"]
[Date "2018.12.13"]
[Round "5.41"]
[White "Villiers, Thomas"]
[Black "Rice, Chris B"]
[Result "1-0"]
[WhiteTitle "CM"]
[WhiteElo "2205"]
[BlackElo "1963"]
[WhiteFideId "427209"]
[BlackFideId "404446"]
[EventDate "2018.12.09"]

1. d4 a6 2. Bf4 Nf6 3. Nd2 e6 4. e4 c5 5. c4 d5 6. e5 Nfd7 7. cxd5 exd5 8. Bd3
Qb6 9. Ngf3 Nc6 10. O-O cxd4 11. Nb3 Nc5 12. Nfxd4 Nxd4 13. Nxd4 Ne6 14. Be3
Nxd4 15. Bxd4 Bc5 16. Bxc5 Qxc5 17. Rc1 Qb6 18. Qa4+ Bd7 19. Qa3 h5 20. Qc3 O-O
21. Bb1 g6 22. Qc7 Qe6 23. f4 Rfc8 24. Qxb7 Rcb8 25. Qc7 Rxb2 26. f5 Qb6+ 27.
Qxb6 Rxb6 28. Rc7 Bxf5 29. Bxf5 gxf5 30. Rxf5 Rf8 31. Rxh5 Rb1+ 32. Kf2 Rb2+ 33.
Kf3 Rxa2 34. Rg5+ Kh7 35. e6 Kh6 36. Rxf7 Ra3+ 37. Kg4 Ra4+ 38. Kf5 Rh8 39. g4 1-0

[Event "London Classic Open 2018"]
[Site "London ENG"]
[Date "2018.12.13"]
[Round "5.42"]
[White "Stephan, Axel"]
[Black "Gerlach, Felix Tobias"]
[Result "1/2-1/2"]
[WhiteElo "2204"]
[BlackElo "2050"]
[WhiteFideId "4632834"]
[BlackFideId "12957690"]
[EventDate "2018.12.09"]

1. e4 e5 2. Nf3 Nc6 3. Bb5 a6 4. Ba4 Nf6 5. O-O Be7 6. Re1 b5 7. Bb3 d6 8. c3
O-O 9. h3 Na5 10. Bc2 c5 11. d4 Qc7 12. Nbd2 cxd4 13. cxd4 Nc6 14. d5 Nb4 15.
Bb1 a5 16. a3 Na6 17. b3 Bd7 18. Ra2 Rfc8 19. Rc2 Qb7 20. Rxc8+ Rxc8 21. Nf1 h6
22. Ng3 Bd8 23. Be3 Bb6 24. Qd2 Bxe3 25. Rxe3 Qc7 26. Ne2 b4 27. axb4 Nxb4 28.
Rc3 Qb7 29. Rxc8+ Qxc8 30. Ne1 Bb5 31. Nc3 Ba6 32. Na4 Qb7 33. Nc3 Nd7 34. Bc2
Nxc2 35. Nxc2 Qxb3 36. Ne3 Nb6 37. Nf5 Nc4 38. Qd3 Qb2 39. Nxd6 Qc1+ 40. Kh2
Qf4+ 1/2-1/2

[Event "London Classic Open 2018"]
[Site "London ENG"]
[Date "2018.12.13"]
[Round "5.43"]
[White "Hunt, Harriet V"]
[Black "Dahl, Baard"]
[Result "1-0"]
[WhiteTitle "IM"]
[WhiteElo "2440"]
[BlackElo "2097"]
[WhiteFideId "403512"]
[BlackFideId "444251"]
[EventDate "2018.12.09"]

1. e4 e5 2. Nf3 Nc6 3. Bb5 Nf6 4. d3 Bc5 5. Bxc6 dxc6 6. Nbd2 Be6 7. Qe2 Nd7 8.
O-O O-O 9. Nb3 Bd6 10. Na5 Rb8 11. Be3 c5 12. a4 f6 13. c3 Qe8 14. Nh4 g6 15.
Rfe1 Rf7 16. Nf3 Re7 17. Nd2 Bf7 18. Qf3 Kg7 19. Nac4 b6 20. Qh3 h5 21. Qf3 Nf8
22. d4 cxd4 23. cxd4 Nd7 24. Rac1 exd4 25. Nxd6 cxd6 26. Bxd4 Ne5 27. Qa3 Rbb7
28. f4 Nc6 29. Bf2 d5 30. Qc3 Rbc7 31. e5 fxe5 32. fxe5 d4 33. Qg3 Bd5 34. Qh4
Kh7 35. Bxd4 g5 36. Qf2 Rf7 37. Qe3 Rf4 38. Bc3 Qe6 39. Qd3+ Kh6 40. Nf1 Rxa4
41. Rcd1 Ne7 42. Ne3 Bb3 43. Qd6 Qxd6 44. exd6 Bxd1 45. dxc7 Bb3 46. Nf5+ 1-0

[Event "London Classic Open 2018"]
[Site "London ENG"]
[Date "2018.12.13"]
[Round "5.44"]
[White "Seymour, Timothy P"]
[Black "Wells, Peter K"]
[Result "0-1"]
[BlackTitle "GM"]
[WhiteElo "2080"]
[BlackElo "2412"]
[WhiteFideId "412112"]
[BlackFideId "400327"]
[EventDate "2018.12.09"]

1. Nf3 c5 2. e3 g6 3. d4 Bg7 4. d5 f5 5. Nc3 Nf6 6. Bd3 O-O 7. O-O Na6 8. Re1
Nc7 9. d6 exd6 10. e4 b5 11. exf5 c4 12. Bf1 d5 13. a4 b4 14. Nb5 Nxb5 15. axb5
Bb7 16. Be3 Ne4 17. fxg6 hxg6 18. Bd4 Bxd4 19. Qxd4 Qf6 20. Re2 Kg7 21. g3 Qxd4
22. Nxd4 a5 23. Bh3 Rf7 24. f3 Nc5 25. Bg4 a4 26. Re3 b3 27. cxb3 axb3 28. Rxa8
Bxa8 29. h4 Na4 30. Re2 c3 31. Nxb3 cxb2 32. Re1 d4 33. Nd2 Nc3 34. b6 Kf6 35.
Kf2 Re7 36. Rxe7 Kxe7 37. h5 b1=Q 38. Nxb1 Nxb1 39. Bxd7 Kxd7 40. h6 d3 41. h7
d2 42. h8=Q d1=Q 43. Qxa8 Qd4+ 44. Kg2 Qxb6 45. Qd5+ Ke7 46. Qe4+ Kf7 47. Qd5+
Kf6 48. f4 Qb2+ 49. Kh3 Qe2 50. Kh4 Nd2 51. Qd4+ Kf7 52. Qd7+ Kf6 53. Qd4+ Ke6
54. Qb6+ Kf7 55. Qc7+ Kg8 56. Kg5 Qh5+ 57. Kf6 Ne4+ 58. Ke7 Qh7+ 59. Kd8 Qxc7+
60. Kxc7 Nxg3 0-1

[Event "London Classic Open 2018"]
[Site "London ENG"]
[Date "2018.12.13"]
[Round "5.46"]
[White "Barrish, Daniel"]
[Black "Nettleton, Charlie B"]
[Result "1-0"]
[WhiteTitle "FM"]
[WhiteElo "2252"]
[BlackElo "2059"]
[WhiteFideId "14304600"]
[BlackFideId "419710"]
[EventDate "2018.12.09"]

1. d4 d6 2. e4 Nf6 3. f3 a6 4. c4 g6 5. Be3 Bg7 6. Ne2 Nc6 7. Nbc3 Rb8 8. b3 O-O
9. Qd2 b5 10. cxb5 axb5 11. d5 Ne5 12. Nd4 Bd7 13. Bxb5 e6 14. Bxd7 Qxd7 15. O-O
exd5 16. exd5 Rfe8 17. h3 c5 18. dxc6 Nxc6 19. Nxc6 Qxc6 20. Rac1 Qa6 21. Bd4
Nh5 22. Bxg7 Nxg7 23. Nd5 Re2 24. Nf6+ Kf8 25. Nxh7+ Kg8 26. Nf6+ Kf8 27. Qf4
Nf5 28. Ra1 Rc8 29. Rfc1 Qa7+ 30. Kh2 Rxc1 31. Rxc1 Qf2 32. Qg5 Rc2 33. Ne4 Qxf3
34. Qd8+ Kg7 35. Qf6+ Kf8 36. Rxc2 Qf4+ 37. g3 1-0

[Event "London Classic Open 2018"]
[Site "London ENG"]
[Date "2018.12.13"]
[Round "5.47"]
[White "Jyothilal, N."]
[Black "Rocco, Federico"]
[Result "0-1"]
[WhiteElo "2078"]
[BlackElo "2244"]
[WhiteFideId "5002605"]
[BlackFideId "431362"]
[EventDate "2018.12.09"]

1. d4 Nf6 2. c4 g6 3. Nc3 Bg7 4. e4 d6 5. f3 O-O 6. Be3 Nc6 7. Nge2 e5 8. d5 Ne7
9. Qd2 c5 10. g4 Ne8 11. O-O-O a6 12. h4 f5 13. gxf5 gxf5 14. Bg5 f4 15. Kb1 h6
16. Bxe7 Qxe7 17. Nc1 Bd7 18. Bh3 b5 19. Rdg1 Nc7 20. Bxd7 Qxd7 21. Rg6 Rf6 22.
Qg2 Rxg6 23. Qxg6 bxc4 24. Rg1 Kh8 25. a4 Rb8 26. N1a2 Rb7 27. Nd1 Ne8 28. Nac3
Qf7 29. Qg4 Bf6 30. Qh3 Qd7 31. Qh2 Qc8 32. Nf2 Rg7 33. Ng4 h5 34. Nh6 Qd7 35.
Nf5 Rxg1+ 36. Qxg1 Kh7 37. Qf1 Ng7 38. Qh3 Bd8 39. Kc1 Ba5 40. Nb1 Bb4 41. Nd2
Nxf5 42. Nxc4 Be1 43. exf5 Bg3 44. Nd2 Kh6 45. Ne4 Qxa4 46. f6 Qc4+ 47. Kb1 Qd3+
48. Ka2 Qxd5+ 49. b3 Qf7 50. Nxd6 Qxf6 51. Nf5+ Kg6 52. Nxg3 fxg3 53. Qxg3+ Kf5
54. Ka3 Ke6 55. Qg8+ Kd6 56. Qb8+ Ke6 57. Qe8+ Kd6 58. Qxh5 e4 59. Ka2 exf3 60.
Qh7 f2 61. Qd3+ Kc7 62. Qf1 Qf3 63. h5 Qe3 64. Qxa6 Qd2+ 65. Ka3 Qc1+ 66. Ka2
f1=Q 67. Qa7+ Kd6 68. Qb8+ Kd5 69. Qd8+ Ke4 70. Qe8+ Kd3 71. Qg6+ Kd2 72. Qg5+
Kd1 0-1

[Event "London Classic Open 2018"]
[Site "London ENG"]
[Date "2018.12.13"]
[Round "5.48"]
[White "Hill, Alistair"]
[Black "Head, Louise"]
[Result "0-1"]
[BlackTitle "WFM"]
[WhiteElo "2219"]
[BlackElo "2079"]
[WhiteFideId "432407"]
[BlackFideId "424773"]
[EventDate "2018.12.09"]

1. e4 c6 2. Nf3 d5 3. Nc3 Nf6 4. e5 Ne4 5. d4 Nxc3 6. bxc3 e6 7. c4 c5 8. cxd5
Qxd5 9. c4 Qe4+ 10. Be2 Nc6 11. d5 Nd4 12. Nxd4 cxd4 13. Bb2 Bc5 14. O-O O-O 15.
Bf3 Qxe5 16. Re1 Qf6 17. Qe2 Rb8 18. Rad1 b6 19. Qe4 exd5 20. cxd5 Bf5 21. Qe2
d3 22. Qd2 Qg6 23. Qf4 Rbe8 24. Bc3 Bd6 25. Qh4 h6 26. Rxe8 Rxe8 27. Qa4 Re7 28.
g3 Bc5 29. Qf4 a5 30. h4 Bd7 31. h5 Qf5 32. Bd2 Re8 33. g4 Qxf4 34. Bxf4 Bb5 35.
Kg2 a4 36. Kg3 a3 37. Bc7 Bd4 38. d6 Be5+ 39. Kg2 Re6 40. Bd5 Rf6 41. Be4 Bxd6
42. Bxb6 Bf8 43. Ba5 Rd6 44. Rb1 Bc6 45. Bxc6 Rxc6 46. Rb8 Rd6 47. Bd2 f5 48.
gxf5 Rd5 49. Kf1 Kf7 50. Rb3 Kf6 51. Bc1 d2 0-1